Countries with Limited Recognition - Statistics

General Stats
  • This quiz has been taken 33 times
    7 since last reset
  • The average score is 10 of 13
Answer Stats
How many countries recognize it Answer % Correct
192 (Not Recognized by Turkey) Cyprus
100%
192 (Not Recognized by South Korea) North Korea
100%
192 (Not Recognized by North Korea) South Korea
100%
20 (Not Recognized by 173 Countries) Taiwan
100%
1 (Only Recognized by Turkey) Northern Cyprus
86%
136 (Not Recognized by 57 Countries) Palestine
86%
4 (Not Recognized by 189 Countries)(A) Abkhazia
71%
192 (Not Recognized by Pakistan) Armenia
71%
175 (Not Recognized by 18 Countries) China
71%
161 (Not Recognized by 31 Countries) Israel
71%
111 (Not Recognized by 82 Countries) Kosovo
71%
4 (Not Recognized by 189 Countries)(S) South Ossetia
71%
47 (Not Recognized by 146 Countries) Western Sahara
43%
No matching quizzes found
Score Distribution
Percent of People with Each Score
Percentile by Number Answered
Your Score History
You have not taken this quiz since the last reset